| 000 | 00384 a2200133 4500 | ||
|---|---|---|---|
| 001 | ART_30276 | ||
| 005 | 20260410161829.0 | ||
| 008 | 260409a | ||
| 245 | 1 | 0 | _aImpuesto a los ingresos brutos |
| 100 | 1 | _aPorto, Alberto | |
| 700 | 1 | _aGarriga, Marcelo | |
| 700 | 1 | _aRosales, Walter | |
| 773 | 0 |
_tEstudios Económicos _g- Vol. 31, Nº 62 (ene./jun. 2014) _wREV5080 |
|
| 999 |
_c23034 _d23034 |
||